<?xml version='1.0' encoding='UTF-8'?>
  <record xmlns="http://www.loc.gov/MARC21/slim">
    <leader>00000cam a22000007i 4500</leader>
    <controlfield tag="001">ocm66152456</controlfield>
    <controlfield tag="003">OCoLC</controlfield>
    <controlfield tag="005">20250314005907.1</controlfield>
    <controlfield tag="008">930310s1727    ne            000 0 dut d</controlfield>
    <datafield tag="040" ind1=" " ind2=" ">
      <subfield code="a">NLGGC</subfield>
      <subfield code="b">dut</subfield>
      <subfield code="e">fobidrtb</subfield>
      <subfield code="c">NLGGC</subfield>
      <subfield code="d">QGJ</subfield>
      <subfield code="d">OCLCL</subfield>
      <subfield code="d">OCLCQ</subfield>
    </datafield>
    <datafield tag="029" ind1="0" ind2=" ">
      <subfield code="a">NLGGC</subfield>
      <subfield code="b">104268751</subfield>
    </datafield>
    <datafield tag="035" ind1=" " ind2=" ">
      <subfield code="a">(OCoLC)66152456</subfield>
    </datafield>
    <datafield tag="100" ind1="1" ind2=" ">
      <subfield code="a">Schouten, Wouter,</subfield>
      <subfield code="d">1638-1704.</subfield>
      <subfield code="1">https://id.oclc.org/worldcat/entity/E39PBJcWw9QHbMRXqgXKc9yrv3</subfield>
    </datafield>
    <datafield tag="245" ind1="1" ind2="0">
      <subfield code="a">Verhandeling van de tegennatuurlyke gezwellen :</subfield>
      <subfield code="b">in haare verscheidene soorten, oorzaken, teekenen, voorseggingen en genesingen vertoont, en op onwrikbare gronden van reden en ondervinding, door vijftigjaarige konstoeffening en veel opmerkelijke gevallen bevestigt. Ten diensten voor leergierige jonge heelmeesters /</subfield>
      <subfield code="c">door Wouter Schouten.</subfield>
    </datafield>
    <datafield tag="260" ind1=" " ind2=" ">
      <subfield code="a">Te Rotterdam :</subfield>
      <subfield code="b">by Hermanus Kentlink,</subfield>
      <subfield code="c">1727.</subfield>
    </datafield>
    <datafield tag="300" ind1=" " ind2=" ">
      <subfield code="a">2 dl. ;</subfield>
      <subfield code="c">in-8.</subfield>
    </datafield>
    <datafield tag="336" ind1=" " ind2=" ">
      <subfield code="a">tekst</subfield>
      <subfield code="b">txt</subfield>
      <subfield code="2">rdacontent/dut</subfield>
    </datafield>
    <datafield tag="337" ind1=" " ind2=" ">
      <subfield code="a">zonder medium</subfield>
      <subfield code="b">n</subfield>
      <subfield code="2">rdamedia/dut</subfield>
    </datafield>
    <datafield tag="338" ind1=" " ind2=" ">
      <subfield code="a">band</subfield>
      <subfield code="b">nc</subfield>
      <subfield code="2">rdacarrier/dut</subfield>
    </datafield>
    <datafield tag="710" ind1="0" ind2=" ">
      <subfield code="a">Kentlink, Hermanus (Rotterdam)</subfield>
      <subfield code="4">prt</subfield>
      <subfield code="0">(NL-LeOCL)077146069</subfield>
    </datafield>
    <datafield tag="758" ind1=" " ind2=" ">
      <subfield code="a">Verhandeling van de tegennatuurlyke gezwellen (Text)</subfield>
      <subfield code="1">https://id.oclc.org/worldcat/entity/E39PCGmKj4y8MkBWWkbjPRc4G3</subfield>
      <subfield code="4">https://id.oclc.org/worldcat/ontology/hasWork</subfield>
    </datafield>
    <datafield tag="776" ind1="0" ind2=" ">
      <subfield code="t">Verhandeling van de tegennatuurlyke gezwellen</subfield>
      <subfield code="w">(NL-LeOCL)406992517</subfield>
    </datafield>
    <datafield tag="776" ind1="0" ind2=" ">
      <subfield code="t">Verhandeling van de tegennatuurlyke gezwellen</subfield>
      <subfield code="w">(NL-LeOCL)406992525</subfield>
    </datafield>
    <datafield tag="776" ind1="0" ind2=" ">
      <subfield code="t">Verhandeling van de tegennatuurlyke gezwellen</subfield>
      <subfield code="w">(NL-LeOCL)426062051</subfield>
    </datafield>
    <datafield tag="936" ind1=" " ind2=" ">
      <subfield code="a">BATCHLOAD</subfield>
    </datafield>
  </record>